[Event "CCT Play-in Chessable Masters 2024"]
[Site "Online"]
[Date "2024.01.31"]
[Round "9"]
[White "Demidov, Mikhail"]
[Black "Theodorou, Nikolas"]
[Result "1/2-1/2"]
[WhiteElo "2546"]
[BlackElo "2627"]
[Annotator "RC"]
[PlyCount "100"]
[EventDate "2024.01.26"]
[EventType "swiss"]
[EventCountry "NET"]
[SourceTitle "playchess.com"]
[Source "ChessBase"]
[SourceQuality "1"]

1. Nf3 Nf6 2. g3 g6 3. b3 Bg7 4. Bb2 O-O 5. Bg2 d6 6. d4 b5 7. O-O Bb7 8. Re1 Nbd7 9. Nbd2 d5 10. Ne5 c5 11. c4 cxd4 12. Bxd4 Ng4 13. Nef3 e5 14. Bb2 bxc4 15. h3 Nxf2 16. Kxf2 e4 17. Bxg7 Kxg7 18. bxc4 exf3 19. Bxf3 Ne5 20. Bxd5 Bxd5 21. cxd5 Qxd5 22. Nf3 Qc5+ 23. Qd4 Qxd4+ 24. Nxd4 Rfd8 25. Red1 Rab8 26. Nb3 Nc6 27. Rxd8 Rxd8 28. Rc1 Nb4 29. Rc7 Nxa2 30. Rxa7 Nc3 31. Rc7 Nd1+ 32. Ke1 Ne3 33. Rc3 Rd1+ 34. Kf2 Nf5 35. Nc5 Rh1 36. Kg2 Ra1 37. Kf2 Ra2 38. Rd3 Ne7 39. Rd6 h5 40. Nd3 Nf5 41. Rd7 Ra6 42. g4 hxg4 43. hxg4 Nh6 44. g5 Nf5 45. Ne5 Nd6 46. Kf3 Ra5 47. Nxg6 Nc4 48. Rd4 Kxg6 49. Rxc4 Kxg5 50. Rc8 Kf6 1/2-1/2

[Event "CCT Play-in Chessable Masters 2024"]
[Site "Online"]
[Date "2024.01.31"]
[Round "9"]
[White "VSERGUEI"]
[Black "Demchenko, Anton"]
[Result "1/2-1/2"]
[WhiteElo "2546"]
[BlackElo "2609"]
[Annotator "RC"]
[PlyCount "123"]
[EventDate "2024.01.26"]
[EventType "swiss"]
[EventCountry "NET"]
[SourceTitle "playchess.com"]
[Source "ChessBase"]
[SourceQuality "1"]

1. d4 Nf6 2. c4 d6 3. Nc3 e5 4. Nf3 Nc6 5. d5 Ne7 6. e4 Ng6 7. h4 Be7 8. h5 Nf4 9. h6 g6 10. g3 N4h5 11. Be2 O-O 12. Nh4 c6 13. Be3 cxd5 14. cxd5 Bd7 15. a4 Qa5 16. Bf3 Rfc8 17. O-O Qb4 18. Qe2 Bd8 19. Nb5 a6 20. Bd2 Bxb5 21. axb5 Qxb5 22. Qxb5 axb5 23. Ng2 Nd7 24. Bxh5 gxh5 25. Bb4 Bg5 26. Bxd6 Bxh6 27. f4 Bg7 28. Rxa8 Rxa8 29. b4 Rc8 30. Nh4 Rc4 31. Ra1 Nb6 32. Ra7 exf4 33. Rxb7 Bd4+ 34. Kg2 Rc2+ 35. Kh3 fxg3 36. Rb8+ Rc8 37. Rxc8+ Nxc8 38. Bc5 Bxc5 39. bxc5 b4 40. Nf3 b3 41. Kxg3 b2 42. Nd2 Kg7 43. e5 Kg6 44. Kf4 h4 45. c6 h3 46. Kg3 Kf5 47. d6 Na7 48. c7 Ke6 49. Kxh3 f6 50. exf6 Kxd6 51. Kg4 Ke6 52. Kg5 Kf7 53. Nb1 h6+ 54. Kf5 h5 55. Kg5 h4 56. Kxh4 Kxf6 57. Kg3 Ke6 58. Kf3 Kd6 59. Ke3 Kxc7 60. Kd3 Kb6 61. Kc3 Nb5+ 62. Kxb2 1/2-1/2

[Event "CCT Play-in Chessable Masters 2024"]
[Site "Online"]
[Date "2024.01.31"]
[Round "9"]
[White "Dedic8"]
[Black "js20000"]
[Result "1-0"]
[WhiteElo "2541"]
[BlackElo "2493"]
[Annotator "NA"]
[PlyCount "95"]
[EventDate "2024.01.26"]
[EventType "swiss"]
[EventCountry "NET"]
[SourceTitle "playchess.com"]
[Source "ChessBase"]
[SourceQuality "1"]

1. d4 d5 2. c4 e6 3. Nc3 Nf6 4. cxd5 exd5 5. Bg5 Be7 6. e3 c6 7. Bd3 h6 8. Bh4 Nbd7 9. Nge2 Nh5 10. Bxe7 Qxe7 11. O-O Nb6 12. Qd2 Be6 13. f3 O-O-O 14. a4 a6 15. a5 Nc4 16. Bxc4 dxc4 17. Na4 g5 18. Qc3 g4 19. fxg4 Bxg4 20. Nf4 Nf6 21. Nb6+ Kb8 22. Nxc4 Ne4 23. Qc2 f6 24. Ne5 fxe5 25. Qxe4 Qg5 26. Ng6 Rhe8 27. Nxe5 Be6 28. Qf4 Ka7 29. Qxg5 hxg5 30. b4 Rh8 31. Nf7 Bxf7 32. Rxf7 Rde8 33. Ra3 Rh4 34. Rc3 Reh8 35. Rxc6 Rxh2 36. Rb6 Rh1+ 37. Kf2 Rb8 38. d5 Rd1 39. e4 Rd3 40. d6 g4 41. e5 g3+ 42. Ke2 Rd5 43. Re7 Ka8 44. Ke3 Ka7 45. e6 Rd1 46. d7 Rd8 47. b5 Rd5 48. Re8 1-0

[Event "CCT Play-in Chessable Masters 2024"]
[Site "Online"]
[Date "2024.01.31"]
[Round "9"]
[White "Holt, Conrad"]
[Black "Nasuta, Grzegorz"]
[Result "1-0"]
[WhiteElo "2540"]
[BlackElo "2563"]
[Annotator "RC"]
[PlyCount "39"]
[EventDate "2024.01.26"]
[EventType "swiss"]
[EventCountry "NET"]
[SourceTitle "playchess.com"]
[Source "ChessBase"]
[SourceQuality "1"]

1. d4 d5 2. c4 c6 3. Nc3 Nf6 4. e3 e6 5. Bd3 Nbd7 6. e4 dxe4 7. Nxe4 Nxe4 8. Bxe4 Nf6 9. Bc2 e5 10. Nf3 exd4 11. O-O Bg4 12. Re1+ Be7 13. Qxd4 Bxf3 14. Qxd8+ Kxd8 15. gxf3 Bd6 16. c5 Bxc5 17. Bf4 Nd5 18. Rad1 Re8 19. Re4 Kd7 20. Rxd5+ 1-0

[Event "CCT Play-in Chessable Masters 2024"]
[Site "Online"]
[Date "2024.01.31"]
[Round "9"]
[White "chessdjw"]
[Black "Guliyev, Namig"]
[Result "0-1"]
[WhiteElo "2540"]
[BlackElo "2506"]
[Annotator "RC"]
[PlyCount "150"]
[EventDate "2024.01.26"]
[EventType "swiss"]
[EventCountry "NET"]
[SourceTitle "playchess.com"]
[Source "ChessBase"]
[SourceQuality "1"]

1. d4 d5 2. c4 dxc4 3. Nf3 b5 4. g3 Bb7 5. Bg2 Nf6 6. O-O a6 7. a4 Nbd7 8. Nc3 b4 9. Nb1 e6 10. Nbd2 c3 11. bxc3 bxc3 12. Nb1 Bb4 13. Qb3 a5 14. Nxc3 O-O 15. Ba3 c5 16. Rfd1 Rb8 17. dxc5 Nxc5 18. Qc4 Qb6 19. Rab1 Ba6 20. Qh4 Rfc8 21. Nd4 Qc7 22. Bxb4 axb4 23. Ndb5 bxc3 24. Nxc7 c2 25. Rbc1 cxd1=Q+ 26. Rxd1 Rxc7 27. Qf4 Rcc8 28. Bf3 h6 29. h4 Nd5 30. Bxd5 exd5 31. Rxd5 Ne6 32. Qf5 Rc1+ 33. Kg2 Bxe2 34. Rd7 Rf8 35. a5 Rc3 36. g4 Bf3+ 37. Kh2 Bc6 38. Rd2 Rc5 39. Qb1 Rxa5 40. Qb6 Rc5 41. Rd6 Be8 42. Rxe6 Rb5 43. Rxh6 Rxb6 44. Rxb6 Bd7 45. Kg3 Rc8 46. Rb3 Rc4 47. f3 g6 48. Rd3 Bc6 49. g5 Kf8 50. Re3 Bd7 51. Rd3 Be6 52. Re3 Ke7 53. Ra3 Bd5 54. Ra7+ Ke6 55. Ra6+ Rc6 56. Ra3 Rb6 57. Ra4 Rb3 58. Rf4 Ke5 59. Rf6 Rd3 60. Rf4 Be6 61. Re4+ Kd6 62. Ra4 Bd5 63. Rf4 Ke5 64. Rf6 Rd4 65. Ra6 Rf4 66. Ra3 Rb4 67. Re3+ Kd6 68. Rd3 Rb3 69. Rxb3 Bxb3 70. h5 gxh5 71. Kh4 Bd1 72. Kxh5 Bxf3+ 73. Kh6 Be4 74. Kg7 Bg6 75. Kf6 Kd5 0-1

[Event "CCT Play-in Chessable Masters 2024"]
[Site "Online"]
[Date "2024.01.31"]
[Round "9"]
[White "ElHelvetico"]
[Black "Prohaszka, Peter"]
[Result "0-1"]
[WhiteElo "2537"]
[BlackElo "2578"]
[Annotator "RC"]
[PlyCount "96"]
[EventDate "2024.01.26"]
[EventType "swiss"]
[EventCountry "NET"]
[SourceTitle "playchess.com"]
[Source "ChessBase"]
[SourceQuality "1"]

1. Nf3 d5 2. b3 Bf5 3. Bb2 e6 4. g3 h6 5. Bg2 Nf6 6. O-O Be7 7. d3 O-O 8. Nbd2 Bh7 9. Re1 c5 10. e4 Nc6 11. Ne5 Nxe5 12. Bxe5 Rc8 13. a4 Qd7 14. Qe2 Rfd8 15. Bb2 dxe4 16. Nxe4 Nxe4 17. Bxe4 Bxe4 18. Qxe4 Qd5 19. Qg4 Qg5 20. Qf3 Rd7 21. h4 Qd5 22. Qg4 Bf8 23. Re5 Qc6 24. Rae1 Rcd8 25. h5 Rd5 26. R1e2 a6 27. a5 Rxe5 28. Bxe5 Rd5 29. f4 c4 30. bxc4 Rxa5 31. Kh2 b5 32. cxb5 Rxb5 33. Qh3 Qf3 34. Rg2 Rb1 35. Bd4 Qd1 36. Rg1 Qxc2+ 37. Qg2 Qxd3 38. Rxb1 Qxb1 39. Qa8 Qc2+ 40. Kh3 Qf5+ 41. Kh4 Qd5 42. Qxd5 exd5 43. Kg4 g6 44. f5 gxf5+ 45. Kxf5 a5 46. Be3 a4 47. Ke5 Bg7+ 48. Kxd5 a3 0-1

[Event "CCT Play-in Chessable Masters 2024"]
[Site "Online"]
[Date "2024.01.31"]
[Round "9"]
[White "KantorGergely"]
[Black "Durarbayli, Vasif"]
[Result "0-1"]
[WhiteElo "2536"]
[BlackElo "2627"]
[Annotator "RC"]
[PlyCount "112"]
[EventDate "2024.01.26"]
[EventType "swiss"]
[EventCountry "NET"]
[SourceTitle "playchess.com"]
[Source "ChessBase"]
[SourceQuality "1"]

1. d4 Nf6 2. c4 e6 3. Nf3 b6 4. a3 Bb7 5. Bf4 Be7 6. Nc3 Nh5 7. Bd2 f5 8. d5 O-O 9. g3 Na6 10. b4 c5 11. dxc6 dxc6 12. Bg2 c5 13. b5 Nc7 14. O-O Bf6 15. Qc2 Qe7 16. a4 a5 17. Rad1 Bd4 18. Nxd4 Bxg2 19. Nxf5 exf5 20. Kxg2 Rae8 21. e3 Qf7 22. Qd3 Nf6 23. Bc1 Ng4 24. Qe2 Ne5 25. Nd5 Nxd5 26. Rxd5 Ng6 27. Qc2 Re4 28. Bb2 Ne7 29. Rd7 Rxc4 30. Qb3 Re8 31. Rfd1 Rb4 32. Qc3 Rxa4 33. Rd8 Kf8 34. Qe5 Qg6 35. R1d7 Re4 36. Qc7 f4 37. exf4 Re6 38. Be5 Qe4+ 39. Kg1 Rxd8 40. Qxd8+ Kf7 41. Rd1 a4 42. Qh8 Qg6 43. Rd8 Qb1+ 44. Kg2 Qe4+ 45. Kg1 Qb1+ 46. Kg2 Qe4+ 47. Kh3 Rh6+ 48. Kg4 Rg6+ 49. Kh3 Rh6+ 50. Kg4 Qe2+ 51. f3 Rg6+ 52. Kh3 Rh6+ 53. Kg4 Rg6+ 54. Kh3 Qf1+ 55. Kh4 Nf5+ 56. Kh5 Qh3# 0-1

[Event "CCT Play-in Chessable Masters 2024"]
[Site "Online"]
[Date "2024.01.31"]
[Round "9"]
[White "zvonokchess"]
[Black "Pakleza, Zbigniew"]
[Result "1-0"]
[WhiteElo "2532"]
[BlackElo "2482"]
[Annotator "RC"]
[PlyCount "35"]
[EventDate "2024.01.26"]
[EventType "swiss"]
[EventCountry "NET"]
[SourceTitle "playchess.com"]
[Source "ChessBase"]
[SourceQuality "1"]

1. d4 d6 2. e4 Nf6 3. Nc3 c6 4. Nf3 Bg4 5. Be2 e6 6. O-O d5 7. Ne5 Bxe2 8. Qxe2 Be7 9. exd5 exd5 10. Nd1 O-O 11. Ne3 g6 12. N3g4 Nxg4 13. Qxg4 Bf6 14. Bh6 Bg7 15. Bxg7 Kxg7 16. Rae1 f6 17. Nd3 Nd7 18. Nf4 1-0

[Event "CCT Play-in Chessable Masters 2024"]
[Site "Online"]
[Date "2024.01.31"]
[Round "9"]
[White "Smirnov, Pavel"]
[Black "Dominguez Perez, Leinier"]
[Result "1-0"]
[WhiteElo "2526"]
[BlackElo "2752"]
[Annotator "TA"]
[PlyCount "37"]
[EventDate "2024.01.26"]
[EventType "swiss"]
[EventCountry "NET"]
[SourceTitle "playchess.com"]
[Source "ChessBase"]
[SourceQuality "1"]

1. d4 d5 2. c4 dxc4 3. Nf3 Nf6 4. e3 e6 5. Bxc4 a6 6. O-O c5 7. e4 b5 8. Be2 Nxe4 9. a4 cxd4 10. axb5 Bc5 11. Qc2 f5 12. Nbd2 Bb7 13. Nxe4 fxe4 14. Qxc5 exf3 15. Bxf3 Bxf3 16. gxf3 Nd7 17. Qxd4 axb5 18. Qxg7 Rxa1 19. Bg5 1-0

[Event "CCT Play-in Chessable Masters 2024"]
[Site "Online"]
[Date "2024.01.31"]
[Round "9"]
[White "Gavrilescu, David"]
[Black "igorkovalenko"]
[Result "0-1"]
[WhiteElo "2523"]
[BlackElo "2592"]
[Annotator "RC"]
[PlyCount "50"]
[EventDate "2024.01.26"]
[EventType "swiss"]
[EventCountry "NET"]
[SourceTitle "playchess.com"]
[Source "ChessBase"]
[SourceQuality "1"]

1. e4 e6 2. d4 d5 3. e5 c5 4. c3 Ne7 5. Nf3 Nec6 6. Bd3 Be7 7. O-O b6 8. Qe2 a5 9. Na3 Ba6 10. Nb5 c4 11. Bxc4 dxc4 12. Nd6+ Bxd6 13. exd6 Qxd6 14. d5 Qxd5 15. Bf4 O-O 16. Rad1 Qf5 17. Bd6 Re8 18. Nd4 Nxd4 19. Rxd4 Bb7 20. Rfd1 e5 21. f4 Nc6 22. Rd5 Qxf4 23. Rf1 Qh6 24. Qf3 Nd8 25. Rxe5 Rxe5 0-1

[Event "CCT Play-in Chessable Masters 2024"]
[Site "Online"]
[Date "2024.01.31"]
[Round "9"]
[White "Raja Rithvik R"]
[Black "Fridman, Daniel"]
[Result "1-0"]
[WhiteElo "2522"]
[BlackElo "2588"]
[Annotator "RC"]
[PlyCount "73"]
[EventDate "2024.01.26"]
[EventType "swiss"]
[EventCountry "NET"]
[SourceTitle "playchess.com"]
[Source "ChessBase"]
[SourceQuality "1"]

1. d4 d5 2. c4 e6 3. Nf3 Nf6 4. g3 a6 5. Bg2 dxc4 6. Ne5 Bb4+ 7. Nc3 Nd5 8. O-O b5 9. Nxd5 exd5 10. Nxc4 O-O 11. Ne5 Bb7 12. Nd3 Bd6 13. Bf4 Nd7 14. Rc1 Re8 15. e3 Rc8 16. Bxd6 cxd6 17. Qb3 Rc4 18. Qa3 Qb6 19. b3 Rcc8 20. Bh3 Rxc1 21. Rxc1 Nf6 22. b4 Ne4 23. Rc2 Re7 24. Qa5 Qxa5 25. bxa5 Re8 26. Nb4 Kf8 27. Bd7 Rd8 28. Rc7 Rb8 29. Bc6 Bxc6 30. Rxc6 Nd2 31. Rxd6 g5 32. Rxa6 g4 33. Rb6 Ra8 34. a6 Kg7 35. Rxb5 Ne4 36. Rb6 Rc8 37. Nc6 1-0

[Event "CCT Play-in Chessable Masters 2024"]
[Site "Online"]
[Date "2024.01.31"]
[Round "9"]
[White "youngKID"]
[Black "MashaPutina"]
[Result "1/2-1/2"]
[WhiteElo "2516"]
[BlackElo "2643"]
[Annotator "RC"]
[PlyCount "87"]
[EventDate "2024.01.26"]
[EventType "swiss"]
[EventCountry "NET"]
[SourceTitle "playchess.com"]
[Source "ChessBase"]
[SourceQuality "1"]

1. e4 c5 2. Nf3 d6 3. d4 cxd4 4. Nxd4 Nf6 5. Nc3 a6 6. Be2 e6 7. O-O Be7 8. Be3 Nc6 9. f4 O-O 10. Qe1 Nxd4 11. Bxd4 b5 12. a3 Bb7 13. Qg3 Qc7 14. Rae1 Rad8 15. Kh1 Rd7 16. Bd3 g6 17. f5 e5 18. Be3 Nh5 19. Qg4 Bf6 20. fxg6 hxg6 21. Rf5 Bg7 22. Rxh5 gxh5 23. Qxh5 Re8 24. Rf1 Re6 25. Be2 Rf6 26. Rd1 Rd8 27. Bg5 Rg6 28. Bg4 Re8 29. Bf5 Ree6 30. Bxe6 Rxe6 31. h3 Rg6 32. Be3 Qc4 33. Qf3 a5 34. Rd2 b4 35. axb4 axb4 36. Nd5 Bxd5 37. Rxd5 Qxc2 38. Rd2 Qc4 39. Kh2 b3 40. Qf5 Rf6 41. Qg4 Rg6 42. Qf5 Rf6 43. Qg4 Rg6 44. Qf5 1/2-1/2

[Event "CCT Play-in Chessable Masters 2024"]
[Site "Online"]
[Date "2024.01.31"]
[Round "9"]
[White "Bharath Subramaniyam H"]
[Black "Samant Aditya S"]
[Result "0-1"]
[WhiteElo "2515"]
[BlackElo "2512"]
[Annotator "RC"]
[PlyCount "156"]
[EventDate "2024.01.26"]
[EventType "swiss"]
[EventCountry "NET"]
[SourceTitle "playchess.com"]
[Source "ChessBase"]
[SourceQuality "1"]

1. b3 e5 2. Bb2 Nc6 3. c4 Nf6 4. e3 d5 5. cxd5 Nxd5 6. a3 Bd6 7. d3 O-O 8. Nf3 Qf6 9. Nbd2 Qg6 10. Qc2 a5 11. g3 Be6 12. Bg2 f6 13. O-O Rfd8 14. Rac1 Kh8 15. Ne4 Nb6 16. Rfd1 a4 17. bxa4 Nxa4 18. Nxd6 cxd6 19. Ba1 Nc5 20. Nh4 Qf7 21. Qb2 Bb3 22. Rd2 Bd5 23. Rdd1 Bxg2 24. Kxg2 Qd5+ 25. e4 Qb3 26. Qe2 Rxa3 27. d4 exd4 28. Bxd4 Ra2 29. Qe3 Qxe3 30. Bxe3 Nxe4 31. Rd5 g6 32. Rc4 f5 33. Nf3 Kg7 34. Rb5 Rd7 35. Rc1 Ne7 36. Nd4 Kf6 37. Rcb1 b6 38. Rc1 Rda7 39. Nb3 R7a3 40. Bxb6 Ke6 41. Nd4+ Kf7 42. Nf3 Rc3 43. Rxc3 Nxc3 44. Rb3 Ne4 45. Be3 Nd5 46. Rb7+ Ke6 47. Nd4+ Kf6 48. Kf3 Nxe3 49. Kxe3 Ra3+ 50. Ke2 Ra2+ 51. Ke3 Nxf2 52. Rxh7 Ng4+ 53. Kd3 Rxh2 54. Rc7 Rg2 55. Ne2 Ne5+ 56. Ke3 Ng4+ 57. Kd3 Rf2 58. Rc8 Rf3+ 59. Kd4 Ne5 60. Rf8+ Kg5 61. Kd5 Rd3+ 62. Ke6 Kg4 63. Nf4 Rd2 64. Rg8 Kxg3 65. Nxg6 Nxg6 66. Rxg6+ Kf4 67. Rf6 Re2+ 68. Kxd6 Kg4 69. Kd5 f4 70. Kd4 f3 71. Kd3 Re8 72. Rg6+ Kh3 73. Kd2 f2 74. Rh6+ Kg2 75. Rg6+ Kf1 76. Rd6 Rg8 77. Rf6 Kg2 78. Kc2 f1=Q 0-1

[Event "CCT Play-in Chessable Masters 2024"]
[Site "Online"]
[Date "2024.01.31"]
[Round "9"]
[White "Bocharov, Dmitry"]
[Black "Bartel, Mateusz"]
[Result "0-1"]
[WhiteElo "2513"]
[BlackElo "2657"]
[Annotator "TA"]
[PlyCount "86"]
[EventDate "2024.01.26"]
[EventType "swiss"]
[EventCountry "NET"]
[SourceTitle "playchess.com"]
[Source "ChessBase"]
[SourceQuality "1"]

1. e4 c5 2. Nf3 a6 3. c3 e6 4. d4 d5 5. e5 Bd7 6. Be3 cxd4 7. Nxd4 Nc6 8. Nxc6 bxc6 9. Nd2 c5 10. Bd3 Qc7 11. f4 Ne7 12. O-O Nf5 13. Bf2 h5 14. Nf3 g6 15. c4 d4 16. Nd2 Rb8 17. b3 Be7 18. Ne4 Bc6 19. Qe2 Qb7 20. Rae1 Kf8 21. g3 a5 22. h3 Ne3 23. Bxe3 Bxe4 24. Bd2 Bc6 25. Be4 Bxe4 26. Qxe4 Qxe4 27. Rxe4 a4 28. Rb1 axb3 29. axb3 Kg7 30. Kf1 Rb7 31. Ke2 Ra8 32. Kd3 Ra2 33. Ree1 Bd8 34. b4 Ra3+ 35. Ke4 Rxg3 36. bxc5 Rc7 37. Ba5 Rc8 38. Bxd8 Rxd8 39. c6 Rxh3 40. Rb5 d3 41. Rd1 d2 42. c7 Rdd3 43. Rxd2 Rhe3# 0-1

[Event "CCT Play-in Chessable Masters 2024"]
[Site "Online"]
[Date "2024.01.31"]
[Round "9"]
[White "Gharibyan, Mamikon"]
[Black "Matinian, Nikita"]
[Result "1-0"]
[WhiteElo "2504"]
[BlackElo "2418"]
[Annotator "RC"]
[PlyCount "59"]
[EventDate "2024.01.26"]
[EventType "swiss"]
[EventCountry "NET"]
[SourceTitle "playchess.com"]
[Source "ChessBase"]
[SourceQuality "1"]

1. e4 c5 2. Nf3 d6 3. d4 cxd4 4. Nxd4 Nf6 5. Nc3 g6 6. Be3 Nc6 7. f3 h5 8. Bc4 Bg7 9. Nxc6 bxc6 10. e5 Nd7 11. exd6 Ne5 12. d7+ Bxd7 13. Bb3 c5 14. Bxc5 Qc7 15. Bxe7 Ng4 16. Nd5 Qe5+ 17. Qe2 Qxe2+ 18. Kxe2 Ne5 19. Rad1 Rc8 20. Rhe1 Be6 21. Ba4+ Bd7 22. Bb3 Be6 23. Bd6 Nc4 24. Nc7+ Rxc7 25. Bxc7 O-O 26. Rd8 Rxd8 27. Bxd8 Nxb2 28. Kf1 Bf5 29. Bc7 a5 30. Bxa5 1-0

[Event "CCT Play-in Chessable Masters 2024"]
[Site "Online"]
[Date "2024.01.31"]
[Round "9"]
[White "Samadov, Read"]
[Black "Kosteniuk, Alexandra"]
[Result "1-0"]
[WhiteElo "2502"]
[BlackElo "2501"]
[Annotator "RC"]
[PlyCount "135"]
[EventDate "2024.01.26"]
[EventType "swiss"]
[EventCountry "NET"]
[SourceTitle "playchess.com"]
[Source "ChessBase"]
[SourceQuality "1"]

1. d4 f5 2. Nc3 Nf6 3. Bg5 d5 4. Bxf6 exf6 5. e3 Be6 6. Bd3 Qd7 7. Nce2 Nc6 8. a3 Bd6 9. Nf3 Ne7 10. h4 O-O-O 11. Rc1 Kb8 12. b4 Rdg8 13. Qd2 g5 14. hxg5 fxg5 15. Rh6 Rg6 16. Rh5 h6 17. Ne5 Bxe5 18. dxe5 Nc6 19. Bb5 a6 20. Bxc6 Qxc6 21. Nd4 Qe8 22. Rb1 Bd7 23. Qc3 Rh7 24. Rh2 f4 25. Kd2 Rf7 26. Re1 Qf8 27. f3 Re7 28. Rhh1 Qg7 29. exf4 gxf4 30. Kc1 Rxg2 31. Kb2 Ba4 32. Rh5 Rg5 33. Nf5 Rxf5 34. Rxf5 b6 35. Rxf4 h5 36. e6 Qh7 37. Re2 Kb7 38. Qd3 Qg7+ 39. Qd4 Qxd4+ 40. Rxd4 Kc6 41. f4 Kd6 42. f5 Be8 43. c4 c6 44. Red2 Ke5 45. cxd5 cxd5 46. Rxd5+ Kf6 47. R2d4 Rh7 48. Rd8 Ba4 49. Rf8+ Ke5 50. Rf7 Rh8 51. Rh4 Rg8 52. e7 Rg2+ 53. Kc3 Rg3+ 54. Kd2 Rg2+ 55. Ke3 Rg3+ 56. Kf2 Rg5 57. Rf8 Rxf5+ 58. Rxf5+ Kxf5 59. Rxh5+ Kf6 60. Rh6+ Kxe7 61. Rxb6 Bb5 62. Ke3 Kd7 63. Kd4 Bf1 64. Kc5 Kc7 65. Rf6 Be2 66. Rf7+ Kb8 67. Kb6 Kc8 68. Ra7 1-0

[Event "CCT Play-in Chessable Masters 2024"]
[Site "Online"]
[Date "2024.01.31"]
[Round "9"]
[White "Sivuk, Vitaly"]
[Black "Drygalov, Sergey"]
[Result "1/2-1/2"]
[WhiteElo "2502"]
[BlackElo "2547"]
[Annotator "RC"]
[PlyCount "158"]
[EventDate "2024.01.26"]
[EventType "swiss"]
[EventCountry "NET"]
[SourceTitle "playchess.com"]
[Source "ChessBase"]
[SourceQuality "1"]

1. d4 Nf6 2. c4 e6 3. Nf3 b6 4. g3 Ba6 5. Qb3 c5 6. d5 exd5 7. cxd5 d6 8. Nc3 g6 9. a4 Bg7 10. Bg2 O-O 11. Bf4 h6 12. O-O g5 13. Bd2 Nbd7 14. Rfe1 Re8 15. Qc2 Bb7 16. e4 a6 17. Rad1 Rb8 18. Bc1 Ba8 19. Bf1 Bb7 20. b3 Ng4 21. Bb2 Nde5 22. Nxe5 Nxe5 23. Bg2 c4 24. bxc4 Nxc4 25. Ba1 Rc8 26. Qb1 Rc5 27. Ne2 Na3 28. Qb3 Nc2 29. Bxg7 Nxe1 30. Bd4 Nxg2 31. Bxc5 dxc5 32. Nc3 Nh4 33. gxh4 Bc8 34. f3 Qf6 35. Ne2 g4 36. Rf1 Qxh4 37. Ng3 Qf6 38. Qe3 Qd4 39. Qxd4 cxd4 40. f4 Bd7 41. Rd1 Bxa4 42. Rxd4 Bd7 43. e5 Rc8 44. Ne4 Kf8 45. Nf6 Bf5 46. d6 b5 47. Kf2 a5 48. Rd5 Rc2+ 49. Ke3 Rc3+ 50. Kd2 Rc2+ 51. Kd1 Rc8 52. Rxb5 Ra8 53. Kc1 Kg7 54. Kb2 Kg6 55. Rb7 h5 56. Nd5 Be4 57. Ne7+ Kg7 58. Rc7 h4 59. d7 g3 60. hxg3 h3 61. Rc8 h2 62. d8=Q Rxc8 63. Qxc8 h1=Q 64. Qg8+ Kh6 65. Qh8+ Bh7 66. Qf8+ Kh5 67. Qxf7+ Kg4 68. Qe6+ Kxg3 69. f5 Qe4 70. Ng6 a4 71. Ka3 Qd4 72. Qd6 Qe4 73. e6+ Kg4 74. Ne5+ Kxf5 75. e7 Qe3+ 76. Qd3+ Qxd3+ 77. Nxd3 Bg6 78. Kxa4 Ke6 79. Nf4+ Kxe7 1/2-1/2

[Event "CCT Play-in Chessable Masters 2024"]
[Site "Online"]
[Date "2024.01.31"]
[Round "9"]
[White "Frolyanov, Dmitry"]
[Black "Gabrielian, Artur"]
[Result "1-0"]
[WhiteElo "2495"]
[BlackElo "2442"]
[Annotator "RC"]
[PlyCount "135"]
[EventDate "2024.01.26"]
[EventType "swiss"]
[EventCountry "NET"]
[SourceTitle "playchess.com"]
[Source "ChessBase"]
[SourceQuality "1"]

1. d4 Nf6 2. c4 g6 3. Nc3 Bg7 4. Bf4 O-O 5. Nf3 d6 6. e3 b6 7. h3 Bb7 8. Be2 Nbd7 9. O-O Re8 10. Bh2 e5 11. b4 exd4 12. exd4 Ne4 13. Nxe4 Bxe4 14. Rc1 a5 15. b5 Qf6 16. Nd2 Qxd4 17. Nxe4 Rxe4 18. Bf3 Nc5 19. Qxd4 Bxd4 20. Rcd1 Rae8 21. Bxe4 Rxe4 22. Rfe1 Bc3 23. Rxe4 Nxe4 24. Bf4 f5 25. Kf1 Kf7 26. Be3 Be5 27. Bd4 Ke6 28. Bxe5 dxe5 29. Rd8 Nd6 30. Rh8 h5 31. Ke2 e4 32. h4 Nxc4 33. Rh7 Kd6 34. Rg7 Ne5 35. f4 exf3+ 36. gxf3 f4 37. a4 c6 38. bxc6 Kxc6 39. Re7 Kd6 40. Re8 Kd5 41. Rf8 Nd7 42. Rxf4 Nc5 43. Ke3 Ke5 44. Rd4 Kf5 45. f4 Ke6 46. Kf3 Ke7 47. Rc4 Ke6 48. Ke3 Kd5 49. Rd4+ Ke6 50. Ke2 Ke7 51. Kd1 Ke6 52. Kc2 Ke7 53. Kb2 Ke6 54. Ka3 Ke7 55. Rd5 Ke6 56. Rd8 Kf5 57. Rf8+ Kg4 58. Rf6 Kxh4 59. Rxg6 Ne4 60. f5 Kh3 61. f6 Nd6 62. Rg7 h4 63. f7 Nxf7 64. Rxf7 Kg4 65. Kb3 h3 66. Kc4 h2 67. Rh7 Kg3 68. Kb5 1-0

[Event "CCT Play-in Chessable Masters 2024"]
[Site "Online"]
[Date "2024.01.31"]
[Round "9"]
[White "Gadimbayli, Abdulla"]
[Black "Bosiocic, Marin"]
[Result "0-1"]
[WhiteElo "2489"]
[BlackElo "2549"]
[Annotator "RC"]
[PlyCount "54"]
[EventDate "2024.01.26"]
[EventType "swiss"]
[EventCountry "NET"]
[SourceTitle "playchess.com"]
[Source "ChessBase"]
[SourceQuality "1"]

1. e4 c5 2. Nf3 Nc6 3. Bb5 e6 4. O-O Nge7 5. c3 a6 6. Ba4 c4 7. Bc2 Qc7 8. b3 b5 9. a4 Rb8 10. axb5 axb5 11. bxc4 bxc4 12. Na3 Na5 13. Ba4 Nec6 14. d4 cxd3 15. Qxd3 Ne5 16. Bf4 Nxf3+ 17. Qxf3 e5 18. Bg3 Bxa3 19. Rxa3 O-O 20. h3 d6 21. Rd1 Be6 22. Bc2 Nc4 23. Ra6 Rb2 24. Ba4 Qb7 25. Raxd6 Nxd6 26. Rxd6 Qa7 27. Qd1 Ra2 0-1

[Event "CCT Play-in Chessable Masters 2024"]
[Site "Online"]
[Date "2024.01.31"]
[Round "9"]
[White "Zhu, Jiner"]
[Black "Troff, Kayden"]
[Result "0-1"]
[WhiteElo "2467"]
[BlackElo "2484"]
[Annotator "RC"]
[PlyCount "94"]
[EventDate "2024.01.26"]
[EventType "swiss"]
[EventCountry "NET"]
[SourceTitle "playchess.com"]
[Source "ChessBase"]
[SourceQuality "1"]

1. e4 c5 2. Nf3 g6 3. d4 cxd4 4. Nxd4 Bg7 5. c4 Nc6 6. Be3 Qb6 7. Nb3 Qd8 8. Qd2 d6 9. Nc3 Nf6 10. Be2 O-O 11. O-O Be6 12. Nd4 Nxd4 13. Bxd4 Ng4 14. Bxg7 Kxg7 15. Bxg4 Bxg4 16. f3 Be6 17. b3 a6 18. Rac1 Qa5 19. Rfd1 b5 20. Nd5 Qxd2 21. Rxd2 Ra7 22. cxb5 axb5 23. Nb4 f5 24. exf5 Rxf5 25. Re2 Kf6 26. Rce1 Bf7 27. Nc6 Rc7 28. Nb4 Rf4 29. Nd3 Rd4 30. Nf2 Bd5 31. Ne4+ Bxe4 32. Rxe4 Rxe4 33. Rxe4 Rc2 34. a4 Rb2 35. Rb4 bxa4 36. Rf4+ Kg5 37. Rg4+ Kf5 38. bxa4 e5 39. Rc4 Ra2 40. Rb4 d5 41. g4+ Kg5 42. Kf1 d4 43. Rb5 Kf4 44. a5 d3 45. Ke1 e4 46. fxe4 Ke3 47. Rb1 Rxh2 0-1